Normal view
MARC view
- Hakeem ul Ummat Maulana Ashraf Ali Thanvi
Entry Personal Name
001 - CONTROL NUMBER
- control field: 51163
003 - CONTROL NUMBER IDENTIFIER
- control field: NUST
005 - DATE AND TIME OF LATEST TRANSACTION
- control field: 20210314134924.0
008 - FIXED-LENGTH DATA ELEMENTS
- fixed length control field: 210314|| aca||aabn | a|a d
040 ## - CATALOGING SOURCE
- Original cataloging agency: NUST
- Transcribing agency: NUST
100 ## - HEADING--PERSONAL NAME
- Personal name: Hakeem ul Ummat Maulana Ashraf Ali Thanvi
670 ## - SOURCE DATA FOUND
- Source citation: Work cat.: (NUST): Hakeem ul Ummat Maulana Ashraf Ali Thanvi, سکون قلب
